Statistiche per Paesi che visitano di più l'Indonesia

Clicka qui per fare il quiz!

Statistiche generali

  • Questo quiz è stato fatto 45 volte
  • Il punteggio medio è 9 su 15

Statistiche sulle risposte

visitatoripaese di visita% Corretto
2,137,450Cina
97%
387,295Stati Uniti
95%
1,301,225Australia
84%
287,662Francia
84%
530,171Giappone
84%
595,060India
84%
273,847Germania
76%
391,820Regno Unito
74%
217,644Filippine
47%
358,527Corea del Sud
45%
1,768,598Singapore
45%
1,762,120Timor Est
42%
207,707Taiwan
37%
209,664Paesi Bassi
26%
2,501,611Malaisia
16%

Distribuzione punteggi

Percentile per numero di risposta

Percentuale di utenti per punteggio

I tuoi punteggi nel tempo

Non hai fatto questo quiz